[Event "DVM U12 2023"]
[Site "Magdeburg GER"]
[Date "2023.12.27"]
[Round "2"]
[White "Spielvogel, Oliver"]
[Black "Fuchs, Jakob"]
[Result "1/2-1/2"]
[Termination "normal"]
[Board "10.2"]
[WhiteElo "1258"]
[BlackElo "1155"]
[WhiteClock "00:55:26"]
[BlackClock "00:52:59"]
[WhiteTeam "Barnimer SF im SV Stahl Finow"]
[BlackTeam "Schachzwerge Magdeburg"]
[PlyCount "110"]
[WhiteFideId "16296494"]
[BlackFideId "34684751"]
[EventCountry "GER"]
[EventRounds "7"]
[EventType "team-swiss"]
[EventDate "2023.12.26"]

1. d4 {[%clk 01:30:56]} {[%emt 00:00:03]} Nf6 {[%clk 01:30:55]} {[%emt
00:00:05]} 2. Nf3 {[%clk 01:31:21]} {[%emt 00:00:05]} e6 {[%clk 01:31:21]}
{[%emt 00:00:04]} 3. e3 {[%clk 01:31:48]} {[%emt 00:00:04]} b6 {[%clk
01:30:09]} {[%emt 00:01:42]} 4. b3 {[%clk 01:32:10]} {[%emt 00:00:08]} Bb7
{[%clk 01:28:52]} {[%emt 00:01:46]} 5. Bb2 {[%clk 01:32:34]} {[%emt 00:00:07]}
d6 {[%clk 01:28:13]} {[%emt 00:01:09]} 6. Be2 {[%clk 01:32:45]} {[%emt
00:00:12]} Nbd7 {[%clk 01:28:34]} {[%emt 00:00:16]} 7. O-O {[%emt 00:00:12]} c5
{[%emt 00:00:56]} 8. dxc5 {[%clk 01:31:29]} {[%emt 00:00:38]} Nxc5 {[%clk
01:28:05]} {[%emt 00:00:58]} 9. Nc3 {[%clk 01:31:12]} {[%emt 00:00:47]} Be7
{[%clk 01:27:50]} {[%emt 00:00:46]} 10. Nb5 {[%clk 01:30:23]} {[%emt 00:01:19]}
O-O {[%clk 01:28:03]} {[%emt 00:00:18]} 11. Rc1 {[%clk 01:30:10]} {[%emt
00:00:39]} a6 {[%clk 01:27:40]} {[%emt 00:00:56]} 12. Bxf6 {[%clk 01:29:23]}
{[%emt 00:01:17]} axb5 {[%clk 01:27:12]} {[%emt 00:00:58]} 13. Bxe7 {[%clk
01:28:38]} {[%emt 00:01:10]} Qxe7 {[%clk 01:27:19]} {[%emt 00:00:18]} 14. Bxb5
{[%clk 01:28:41]} {[%emt 00:00:37]} Ba6 {[%clk 01:26:50]} {[%emt 00:01:00]} 15.
Bxa6 {[%clk 01:28:34]} {[%emt 00:00:37]} Rxa6 {[%clk 01:27:08]} {[%emt
00:00:11]} 16. a4 {[%clk 01:28:41]} {[%emt 00:00:23]} Ne4 {[%clk 01:26:23]}
{[%emt 00:01:16]} 17. Qd3 {[%clk 01:28:42]} {[%emt 00:00:28]} Nc5 {[%clk
01:26:31]} {[%emt 00:00:21]} 18. Qe2 {[%clk 01:28:53]} {[%emt 00:00:19]} Raa8
{[%clk 01:26:38]} {[%emt 00:00:24]} 19. Nd4 {[%clk 01:29:07]} {[%emt 00:00:15]}
Rac8 {[%clk 01:26:13]} {[%emt 00:00:55]} 20. Qb5 {[%clk 01:29:09]} {[%emt
00:00:28]} Qb7 {[%clk 01:23:48]} {[%emt 00:02:55]} 21. b4 {[%clk 01:28:56]}
{[%emt 00:00:43]} Ne4 {[%clk 01:22:57]} {[%emt 00:01:20]} 22. c4 {[%clk
01:27:18]} {[%emt 00:02:08]} e5 {[%clk 01:21:55]} {[%emt 00:01:33]} 23. Nf5
{[%emt 00:00:26]} Rfe8 {[%emt 00:04:28]} 24. f3 {[%clk 01:23:00]} {[%emt
00:00:25]} g6 {[%clk 01:19:28]} {[%emt 00:03:26]} 25. fxe4 {[%clk 01:22:11]}
{[%emt 00:01:19]} gxf5 {[%clk 01:17:55]} {[%emt 00:02:03]} 26. exf5 {[%clk
01:22:27]} {[%emt 00:00:15]} Kh8 {[%clk 01:17:41]} {[%emt 00:00:44]} 27. c5
{[%clk 01:22:36]} {[%emt 00:00:21]} Qe4 {[%clk 01:13:00]} {[%emt 00:05:10]} 28.
cxd6 {[%clk 01:17:48]} {[%emt 00:05:19]} Rg8 {[%clk 01:09:45]} {[%emt
00:03:45]} 29. Qe2 {[%clk 01:16:14]} {[%emt 00:02:03]} Rxg2+ {[%clk 01:03:41]}
{[%emt 00:06:34]} 30. Qxg2 {[%clk 01:15:34]} {[%emt 00:01:10]} Rg8 {[%clk
01:04:05]} {[%emt 00:00:07]} 31. Qxg8+ {[%clk 01:15:11]} {[%emt 00:00:52]} Kxg8
{[%clk 01:04:30]} {[%emt 00:00:05]} 32. Rc8+ {[%clk 01:14:09]} {[%emt
00:01:32]} Kg7 {[%clk 01:04:48]} {[%emt 00:00:12]} 33. f6+ {[%clk 01:14:32]}
{[%emt 00:00:07]} Kh6 {[%clk 01:04:55]} {[%emt 00:00:19]} 34. Kf2 {[%clk
01:12:31]} {[%emt 00:02:27]} Qf5+ {[%clk 01:05:04]} {[%emt 00:00:31]} 35. Ke2
{[%clk 01:11:17]} {[%emt 00:01:43]} Qxc8 {[%clk 01:05:06]} {[%emt 00:00:29]}
36. Rd1 {[%clk 01:11:09]} {[%emt 00:00:35]} Qd7 {[%clk 01:04:55]} {[%emt
00:00:43]} 37. a5 {[%clk 01:10:38]} {[%emt 00:01:00]} bxa5 {[%clk 01:02:10]}
{[%emt 00:03:16]} 38. bxa5 {[%clk 01:10:32]} {[%emt 00:00:37]} Qg4+ {[%clk
01:02:16]} {[%emt 00:00:23]} 39. Ke1 {[%clk 01:06:24]} {[%emt 00:04:37]} Qb4+
{[%clk 01:00:09]} {[%emt 00:02:33]} 40. Ke2 {[%clk 01:06:06]} {[%emt 00:00:53]}
Qxa5 {[%clk 01:00:19]} {[%emt 00:00:19]} 41. d7 {[%clk 01:06:20]} {[%emt
00:00:17]} Qd8 {[%clk 01:00:36]} {[%emt 00:00:12]} 42. Rd6 {[%clk 01:04:46]}
{[%emt 00:02:04]} e4 {[%clk 01:00:16]} {[%emt 00:00:50]} 43. Kf2 {[%clk
01:04:20]} {[%emt 00:00:56]} Kg5 {[%clk 01:00:17]} {[%emt 00:00:29]} 44. Kg3
{[%clk 01:04:04]} {[%emt 00:00:47]} Kf5 {[%clk 01:00:28]} {[%emt 00:00:16]} 45.
Kh4 {[%clk 01:01:21]} {[%emt 00:03:15]} h5 {[%clk 01:00:32]} {[%emt 00:00:27]}
46. Kg3 {[%clk 00:59:44]} {[%emt 00:02:08]} Ke5 {[%clk 01:00:27]} {[%emt
00:00:34]} 47. Rd4 {[%clk 00:59:33]} {[%emt 00:00:41]} Kxf6 {[%clk 01:00:22]}
{[%emt 00:00:34]} 48. Kf4 {[%clk 00:59:10]} {[%emt 00:00:54]} Ke6 {[%clk
00:59:25]} {[%emt 00:01:26]} 49. Rxe4+ {[%emt 00:01:08]} Kf6 {[%clk 00:59:20]}
{[%emt 00:00:04]} 50. Rd4 {[%clk 00:58:18]} {[%emt 00:00:32]} Kg6 {[%clk
00:59:05]} {[%emt 00:01:25]} 51. Rd6+ {[%clk 00:58:20]} {[%emt 00:00:32]} f6
{[%clk 00:59:08]} {[%emt 00:00:27]} 52. e4 {[%clk 00:58:12]} {[%emt 00:00:38]}
Kf7 {[%clk 00:58:15]} {[%emt 00:01:22]} 53. Rd5 {[%clk 00:57:05]} {[%emt
00:01:36]} Ke7 {[%clk 00:57:01]} {[%emt 00:01:45]} 54. Kf5 {[%clk 00:55:29]}
{[%emt 00:02:05]} h4 {[%clk 00:53:28]} {[%emt 00:04:04]} 55. h3 {[%clk
00:55:26]} {[%emt 00:00:34]} Kf7 {[%clk 00:52:59]} {[%emt 00:00:56]} 1/2-1/2

[Event "DVM U12 2023"]
[Site "Magdeburg GER"]
[Date "2023.12.27"]
[Round "2"]
[White "Wolff, Theodor Emil"]
[Black "Splitt, Albert"]
[Result "0-1"]
[Termination "normal"]
[Board "10.3"]
[WhiteElo "912"]
[BlackElo "1213"]
[WhiteClock "01:35:24"]
[BlackClock "01:19:58"]
[WhiteTeam "Schachzwerge Magdeburg"]
[BlackTeam "Barnimer SF im SV Stahl Finow"]
[PlyCount "92"]
[WhiteFideId "34684778"]
[BlackFideId "34602879"]
[EventCountry "GER"]
[EventRounds "7"]
[EventType "team-swiss"]
[EventDate "2023.12.26"]

1. e4 {[%clk 01:30:58]} {[%emt 00:00:01]} e5 {[%clk 01:30:51]} {[%emt
00:00:10]} 2. Nf3 {[%clk 01:31:24]} {[%emt 00:00:04]} Nc6 {[%clk 01:31:04]}
{[%emt 00:00:17]} 3. Bc4 {[%clk 01:31:46]} {[%emt 00:00:08]} d6 {[%clk
01:30:38]} {[%emt 00:00:54]} 4. Nc3 {[%clk 01:31:42]} {[%emt 00:00:36]} Nf6
{[%clk 01:30:32]} {[%emt 00:00:35]} 5. d3 {[%clk 01:32:03]} {[%emt 00:00:10]}
Bg4 {[%clk 01:30:43]} {[%emt 00:00:17]} 6. h3 {[%clk 01:32:20]} {[%emt
00:00:14]} Bh5 {[%clk 01:30:59]} {[%emt 00:00:12]} 7. g4 {[%clk 01:32:37]}
{[%emt 00:00:15]} Bg6 {[%emt 00:00:11]} 8. Ng5 {[%emt 00:00:40]} h6 {[%clk
01:29:31]} {[%emt 00:00:37]} 9. Nf3 {[%clk 01:32:49]} {[%emt 00:00:18]} Be7
{[%clk 01:30:12]} {[%emt 00:00:19]} 10. Be3 {[%clk 01:33:03]} {[%emt 00:00:16]}
Qd7 {[%clk 01:30:14]} {[%emt 00:00:28]} 11. Qd2 {[%clk 01:32:36]} {[%emt
00:00:57]} O-O-O {[%clk 01:28:31]} {[%emt 00:02:13]} 12. O-O-O {[%clk
01:32:50]} {[%emt 00:00:16]} Rhe8 {[%clk 01:23:37]} {[%emt 00:05:24]} 13. Nb5
{[%clk 01:32:49]} {[%emt 00:00:31]} Kb8 {[%clk 01:23:07]} {[%emt 00:01:00]} 14.
Bd5 {[%clk 01:32:37]} {[%emt 00:00:42]} a6 {[%clk 01:21:12]} {[%emt 00:02:25]}
15. Bxc6 {[%clk 01:31:59]} {[%emt 00:01:09]} Qxc6 {[%clk 01:21:09]} {[%emt
00:00:32]} 16. Ba7+ {[%clk 01:32:02]} {[%emt 00:00:27]} Ka8 {[%clk 01:20:56]}
{[%emt 00:00:42]} 17. Qa5 {[%clk 01:31:41]} {[%emt 00:00:51]} Qxb5 {[%clk
01:20:39]} {[%emt 00:00:47]} 18. Qxb5 {[%clk 01:31:45]} {[%emt 00:00:27]} axb5
{[%clk 01:20:51]} {[%emt 00:00:18]} 19. Be3 {[%clk 01:31:42]} {[%emt 00:00:33]}
Nd7 {[%clk 01:19:55]} {[%emt 00:01:25]} 20. Kd2 {[%clk 01:31:23]} {[%emt
00:00:49]} Bf6 {[%clk 01:19:34]} {[%emt 00:00:50]} 21. Ra1 {[%clk 01:31:39]}
{[%emt 00:00:15]} b6 {[%clk 01:19:10]} {[%emt 00:00:54]} 22. a4 {[%clk
01:31:55]} {[%emt 00:00:14]} bxa4 {[%clk 01:19:15]} {[%emt 00:00:25]} 23. Rxa4+
{[%clk 01:32:18]} {[%emt 00:00:08]} Kb7 {[%clk 01:19:35]} {[%emt 00:00:08]} 24.
Rha1 {[%clk 01:32:36]} {[%emt 00:00:14]} Ra8 {[%clk 01:19:39]} {[%emt
00:00:20]} 25. b4 {[%clk 01:32:27]} {[%emt 00:00:44]} Rxa4 {[%clk 01:19:50]}
{[%emt 00:00:18]} 26. Rxa4 {[%clk 01:32:45]} {[%emt 00:00:14]} Ra8 {[%clk
01:20:16]} {[%emt 00:00:04]} 27. Rxa8 Kxa8 {[%clk 01:20:39]} 28. c4 {[%clk
01:33:10]} {[%emt 00:00:23]} Kb7 {[%clk 01:20:37]} {[%emt 00:00:33]} 29. h4
{[%clk 01:33:21]} {[%emt 00:00:19]} c5 {[%clk 01:20:19]} {[%emt 00:00:48]} 30.
Kc3 {[%clk 01:33:24]} {[%emt 00:00:27]} cxb4+ {[%clk 01:20:06]} {[%emt
00:00:44]} 31. Kxb4 {[%clk 01:33:38]} {[%emt 00:00:16]} Nc5 {[%clk 01:20:27]}
{[%emt 00:00:08]} 32. Nd2 {[%clk 01:33:46]} Nxd3+ {[%clk 01:20:20]} {[%emt
00:00:59]} 33. Kb5 {[%emt 00:01:15]} Bxh4 {[%clk 01:19:58]} {[%emt 00:00:09]}
34. Bxb6 {[%clk 01:33:59]} {[%emt 00:00:15]} Bxf2 {[%clk 01:20:14]} {[%emt
00:00:14]} 35. Bxf2 {[%clk 01:33:37]} {[%emt 00:00:53]} Nxf2 {[%clk 01:20:34]}
{[%emt 00:00:10]} 36. c5 {[%clk 01:33:53]} {[%emt 00:00:15]} dxc5 {[%clk
01:20:38]} {[%emt 00:00:25]} 37. Kxc5 {[%clk 01:34:17]} {[%emt 00:00:07]} Nxg4
{[%clk 01:20:56]} {[%emt 00:00:11]} 38. Kd6 {[%clk 01:34:16]} {[%emt 00:00:31]}
h5 {[%clk 01:20:42]} {[%emt 00:00:44]} 39. Nf3 {[%clk 01:33:58]} {[%emt
00:00:48]} Bxe4 {[%clk 01:20:47]} {[%emt 00:00:26]} 40. Nxe5 {[%clk 01:34:05]}
{[%emt 00:00:23]} Nxe5 {[%clk 01:21:05]} {[%emt 00:00:11]} 41. Kxe5 {[%clk
01:34:25]} {[%emt 00:00:10]} Bg2 {[%clk 01:21:05]} {[%emt 00:00:30]} 42. Kf4
{[%clk 01:34:39]} {[%emt 00:00:14]} Kc6 {[%clk 01:20:41]} {[%emt 00:00:57]} 43.
Kg5 {[%clk 01:34:44]} {[%emt 00:00:25]} g6 {[%clk 01:20:33]} {[%emt 00:00:38]}
44. Kh4 {[%clk 01:34:51]} {[%emt 00:00:23]} Kd5 {[%clk 01:20:23]} {[%emt
00:00:40]} 45. Kg3 {[%clk 01:35:07]} {[%emt 00:00:14]} Be4 {[%clk 01:20:20]}
{[%emt 00:00:33]} 46. Kh4 {[%clk 01:35:24]} {[%emt 00:00:13]} Ke5 {[%clk
01:19:58]} {[%emt 00:00:53]} 0-1

[Event "DVM U12 2023"]
[Site "Magdeburg GER"]
[Date "2023.12.27"]
[Round "2"]
[White "Wünsche, Jonathan"]
[Black "Schröter, Juri"]
[Result "1/2-1/2"]
[Termination "normal"]
[Board "10.4"]
[WhiteElo "967"]
[BlackElo "974"]
[WhiteClock "00:27:01"]
[BlackClock "00:52:48"]
[WhiteTeam "Barnimer SF im SV Stahl Finow"]
[BlackTeam "Schachzwerge Magdeburg"]
[PlyCount "53"]
[WhiteFideId "34602836"]
[BlackFideId "34684786"]
[EventCountry "GER"]
[EventRounds "7"]
[EventType "team-swiss"]
[EventDate "2023.12.26"]

1. d4 {[%clk 01:30:53]} {[%emt 00:00:06]} d5 {[%clk 01:30:21]} {[%emt
00:00:39]} 2. Nf3 {[%clk 01:30:50]} {[%emt 00:00:33]} Nc6 {[%clk 01:30:25]}
{[%emt 00:00:25]} 3. Bf4 {[%clk 01:31:01]} {[%emt 00:00:19]} Bf5 {[%clk
01:30:34]} {[%emt 00:00:22]} 4. e3 {[%clk 01:31:07]} {[%emt 00:00:24]} f6
{[%clk 01:30:11]} {[%emt 00:00:53]} 5. Bb5 {[%clk 01:27:46]} {[%emt 00:03:51]}
Bd7 {[%clk 01:28:09]} {[%emt 00:02:31]} 6. Bxc6 {[%clk 01:26:48]} {[%emt
00:01:29]} Bxc6 {[%clk 01:28:04]} {[%emt 00:00:35]} 7. c3 {[%clk 01:25:32]}
{[%emt 00:01:46]} e6 {[%clk 01:28:09]} {[%emt 00:00:25]} 8. Nbd2 {[%clk
01:23:54]} {[%emt 00:02:08]} Bd6 {[%clk 01:28:02]} {[%emt 00:00:36]} 9. Bxd6
{[%clk 01:23:04]} {[%emt 00:01:20]} Qxd6 {[%clk 01:27:34]} {[%emt 00:00:58]}
10. Qe2 {[%clk 01:18:08]} {[%emt 00:05:27]} Ne7 {[%clk 01:26:39]} {[%emt
00:01:24]} 11. e4 {[%clk 01:16:54]} {[%emt 00:01:45]} dxe4 {[%clk 01:26:07]}
{[%emt 00:01:02]} 12. Nxe4 {[%clk 01:16:11]} {[%emt 00:01:13]} Qd7 {[%clk
01:21:57]} {[%emt 00:04:39]} 13. O-O {[%clk 01:12:50]} {[%emt 00:03:48]} O-O-O
{[%clk 01:21:23]} {[%emt 00:01:08]} 14. Nc5 {[%clk 01:11:08]} {[%emt 00:02:12]}
Qd6 {[%clk 01:17:11]} {[%emt 00:04:41]} 15. a4 {[%clk 01:09:47]} {[%emt
00:01:51]} e5 {[%clk 01:13:37]} {[%emt 00:04:04]} 16. Rfd1 {[%clk 01:07:49]}
{[%emt 00:02:28]} Rhe8 {[%clk 01:05:18]} {[%emt 00:08:49]} 17. a5 {[%clk
01:01:25]} {[%emt 00:06:55]} a6 {[%clk 01:03:58]} {[%emt 00:01:48]} 18. b4
{[%clk 00:59:53]} {[%emt 00:02:03]} Nd5 {[%clk 00:59:48]} {[%emt 00:04:40]} 19.
Qf1 {[%clk 00:55:13]} {[%emt 00:05:11]} Nxc3 {[%clk 00:57:31]} {[%emt
00:02:46]} 20. Rd2 {[%clk 00:52:42]} {[%emt 00:03:02]} Bxf3 {[%clk 00:57:22]}
{[%emt 00:00:39]} 21. gxf3 {[%emt 00:03:47]} exd4 {[%clk 00:56:57]} {[%emt
00:00:52]} 22. Rc1 {[%clk 00:45:30]} {[%emt 00:04:28]} Qf4 {[%clk 00:54:29]}
{[%emt 00:02:58]} 23. Qh3+ {[%clk 00:42:56]} {[%emt 00:03:05]} f5 {[%clk
00:53:13]} {[%emt 00:01:46]} 24. Rxc3 {[%clk 00:31:36]} {[%emt 00:11:49]} Qg5+
{[%clk 00:52:56]} {[%emt 00:00:46]} 25. Kf1 {[%clk 00:31:40]} {[%emt 00:00:27]}
Qxd2 {[%clk 00:52:49]} {[%emt 00:00:36]} 26. Qxf5+ {[%clk 00:31:38]} {[%emt
00:00:33]} Kb8 {[%clk 00:52:48]} {[%emt 00:00:31]} 27. Nd7+ {[%clk 00:27:01]}
{[%emt 00:05:08]} 1/2-1/2